Tricky-Clicky Minute: Flowers Quiz Stats

 Plays Quiz Updated Apr 5, 2016

Challenge
Share
Tweet
Embed
Score 0/50 Timer 01:00
3 Plays Today
% Correct
sunflower
85.2%
daffodil
84.6%
tulip
84.5%
orchid
83.5%
daisy
83.4%
lily
83.3%
marigold
83.1%
rose
82.8%
chrysanthemum
82.4%
hibiscus
82%
lilac
81.7%
lavender
81.5%
dandelion
81.3%
magnolia
81.2%
hydrangea
81.2%
primrose
80.6%
violet
80.1%
poinsettia
80%
honeysuckle
79.9%
carnation
79.6%
pansy
79.4%
azalea
78.7%
jasmine
78.2%
iris
78%
buttercup
77.9%
% Correct
peony
77.4%
bluebells
77.1%
dahlia
77%
gardenia
76.5%
snapdragon
76%
begonia
73.7%
wisteria
71.1%
cornflower
67.5%
edelweiss
62.7%
zinnia
62.7%
mistletoe
62.4%
clover
60.9%
narcissus
60%
thistle
60%
oleander
58.7%
fuchsia
57.6%
camellia
57.5%
heather
56.4%
laurel
51.2%
safflower
48.2%
plumeria
47.6%
phlox
43.6%
columbine
41.8%
calendula
41.4%
canna
25.9%

You're not logged in!

Compare scores with friends on all Sporcle quizzes.
Join for Free
OR
Log In

You Might Also Like...

Show Comments

Extras

Top Quizzes Today


Score Distribution

Your Account Isn't Verified!

In order to create a playlist on Sporcle, you need to verify the email address you used during registration. Go to your Sporcle Settings to finish the process.

Report this User

Report this user for behavior that violates our Community Guidelines.

Details: